| 000 | 00710nam a2200181 a 4500 | ||
|---|---|---|---|
| 001 | 000027035 | ||
| 005 | 20200930030548.0 | ||
| 008 | 110329s1991 sp 000 0 spa d | ||
| 040 |
_aDO-SdBNP _bspa _cBNPHU |
||
| 082 |
_axxx _bxxx |
||
| 100 | 1 |
_aVega, Lópe de _d1562-1635 _93084 |
|
| 245 | 1 | 0 |
_aComedias autógrafas de Lope de Vega / _cLopez de Vega ; prólogo Alonso Zamora Vicente. |
| 260 |
_aMalaga, España : _bReal Academia Española, _c1991. |
||
| 300 |
_a432 p. ; _c32 cm. |
||
| 500 | _aHomenaje del Excmo. Ayuntamiento de Málaga a la Real Academia Española | ||
| 533 |
_a3 comedias atutógrafas de Lope de Vega _bEspaña _cExcmo. Ayuntamiento de Málaga _d1991 |
||
| 700 | 1 |
_aZamora Vicente, Alonso _93327 |
|
| 999 |
_c26527 _d26527 |
||